|
|
|
|
| LEADER |
01156ncm a22002772a 4500 |
| 001 |
001108659 |
| 003 |
CZ BrMZK |
| 005 |
20120619131458.0 |
| 007 |
qu |
| 008 |
100803s1950 xr |||||||||||||||||cze d |
| 040 |
|
|
|a BOA001
|b cze
|
| 072 |
|
7 |
|a 784
|x Vokální hudba
|2 Konspekt
|9 9
|
| 100 |
1 |
|
|a Ježek, Jaroslav,
|d 1906-1942
|7 jk01051624
|4 cmp
|
| 245 |
1 |
0 |
|a Písničky Jaroslava Ježka
|h [hudebnina] :
|b zpěv a klavír /
|c Jaroslav Ježek ; verše V a W
|
| 250 |
|
|
|a 1. vyd.
|
| 260 |
|
|
|a Praha :
|b Hudební matice,
|c 1950
|
| 300 |
|
|
|a 19 s. ;
|c 7°
|
| 505 |
0 |
0 |
|t Tmavomodrý svět --
|t Nebe na zemi--
|t Když jsem kytici vázala --
|t Proti větru --
|t O Španělsku si zpívám --
|t Klobouk ve Křoví --
|t Svět patří nám
|
| 700 |
1 |
|
|a Voskovec, Jiří,
|d 1905-1981
|7 jk01150746
|4 lyr
|
| 700 |
1 |
|
|a Werich, Jan,
|d 1905-1980
|7 jk01151601
|4 lyr
|
| 910 |
|
|
|a BOA001
|b Mus4-0251.426
|b PK-III-0030.310
|
| 920 |
|
|
|a 000104871
|
| 990 |
|
|
|a MU
|
| 991 |
|
|
|b 201105
|
| 996 |
7 |
|
|b 2619499416
|c Mus4-0251.426
|l MZK
|r Sklad / do 1 hodiny
|n 3
|w 001135945
|u 000010
|a 1
|e BOA001
|j MZK50
|s A
|
| 996 |
7 |
|
|b 3119959233
|c PK-III-0030.310
|l MZK
|r Sklad / do 1 hodiny
|n 2
|w 001135945
|u 000020
|a 1
|e BOA001
|j MZK50
|s A
|